| 000 | 00433 a2200145 4500 | ||
|---|---|---|---|
| 005 | 20250205104454.0 | ||
| 008 | 250204b |||||||| |||| 00| 0 eng d | ||
| 020 | _a9789384204280 | ||
| 082 | _a720.95/CUR | ||
| 100 |
_aCurtis W J R _9211196 |
||
| 245 | _aRaj Rewal: Assian Games Village National Institute Of Immunology1980-82 1983-2000 Vol 1 | ||
| 260 |
_bCouncil Of Architecture _c2024 _aDelhi |
||
| 300 |
_a85p _bPB |
||
| 942 | _cBK | ||
| 999 |
_c364931 _d364931 |
||